000 00247nam a2200109Ia 4500
999 _c8840
_d8840
020 _a 978-0201543292
100 _aC.J. Date
245 3 _aAn Introduction To Database Systems
260 _aNew Delhi
_bViva Books
_c2002
300 _a666
942 _cBK